O Children - Nick Cave & The Bad Seeds - All Lyrics - Statistics

General Stats
  • This quiz has been taken 260 times
  • The average score is 267 of 401
Answer Stats
Answer % Correct
O
99%
(O
99%
Oh-Oh-O
99%
a
94%
Children
94%
children
94%
(Children)
94%
Children)
94%
I
94%
The
93%
the
93%
You
90%
you
90%
me
87%
me!
87%
me?
87%
on,
85%
on
85%
do
84%
little
84%
now
82%
now,
82%
train,
82%
train
82%
up
82%
your
82%
that
81%
but
79%
for
79%
we
79%
We
79%
is
78%
Is
78%
My
76%
my
76%
one
76%
don't
75%
Hey,
75%
I'm
73%
I’m
73%
in
73%
In
73%
to
73%
was
73%
by
72%
It
72%
it,
72%
We’re
72%
we're
72%
even
70%
of
70%
voice,
70%
voice
70%
darling
69%
have
69%
Have
69%
Lift
69%
lift
69%
see
69%
see?
69%
wait
69%
them
67%
and
64%
And
64%
are
64%
gun
64%
let
64%
as
63%
dear,
63%
fun
63%
left
63%
lovely
63%
Come
61%
come
61%
coming
61%
free
61%
once
61%
Pass
61%
start
61%
station
61%
what
61%
blind,
60%
goes
60%
It’s
60%
it's
60%
Rejoice,
60%
rejoice
60%
They
60%
they
60%
wanna
60%
imagination?
58%
just
58%
Kingdom
58%
such
58%
all
57%
having
57%
there
57%
there,
57%
done
55%
Here,
55%
Here
55%
here
55%
jumping
55%
this
55%
ain't
54%
out
54%
seat
54%
can
52%
know
52%
old
52%
chains,
51%
only
51%
us
51%
we've
51%
happy,
49%
Ma,
49%
cleaners
48%
Jim
48%
poor
48%
Poor
48%
bit
46%
broken
46%
held
46%
their
46%
They're
46%
They’re
46%
they're
46%
you're
46%
beginning
45%
clear
45%
Forgive
45%
keys
45%
Lost
45%
lost
45%
stretch
45%
upon
45%
answer
43%
comes
43%
crystal
43%
floor
43%
ghost
43%
hanging
43%
knocking
43%
started
43%
take
43%
fears
42%
Frank
42%
job
42%
score
42%
door
40%
our
40%
run
40%
these
40%
white
40%
butcher's
39%
room,
39%
away
37%
before
37%
dim
37%
friends
37%
good
37%
measure
37%
mopping
37%
simple,
37%
with
37%
found
36%
light
36%
nothing
36%
weeping
36%
about
34%
hearts
34%
inspect
34%
Jim's
34%
new
34%
protect
34%
short,
34%
because
33%
elimination
33%
expectation
33%
He’s
33%
process
33%
beyond
31%
down,
31%
'round
31%
round
31%
somewhere
31%
wildest
31%
gathering
30%
older
30%
groove
28%
gulag
28%
man,
25%
They’ve
25%
winnings
25%
amongst
24%
hip
24%
hosed
24%
lining
24%
No matching quizzes found
Score Distribution
Percent of People with Each Score
Percentile by Number Answered
Your Score History
You have not taken this quiz